UBT Library

CISCO NETWORKING ACADEMY PROGRAM (Record no. 38524)

000 -LEADER
fixed length control field 00309nam a22001337a 4500
008 - FIXED-LENGTH DATA ELEMENTS--GENERAL INFORMATION
fixed length control field 171127b xxu||||| |||| 00| 0 eng d
020 ## - INTERNATIONAL STANDARD BOOK NUMBER
International Standard Book Number 9781587131141
041 ## - LANGUAGE CODE
Language code of text/sound track or separate title eng
080 ## - UNIVERSAL DECIMAL CLASSIFICATION NUMBER
Edition identifier 3 ED
Universal Decimal Classification number 004
100 ## - Rafti
Rafti 29
101 ## - Shkurtesa
Shkurtesa SHK
245 ## - TITLE STATEMENT
Title CISCO NETWORKING ACADEMY PROGRAM
Statement of responsibility, etc CIS
942 ## - ADDED ENTRY ELEMENTS (KOHA)
Source of classification or shelving scheme
Item type Books
Holdings
Withdrawn status Lost status Source of classification or shelving scheme Damaged status Not for loan Collection code Permanent location Current location Shelving location Date acquired Total Checkouts Full call number Barcode Date last seen Price effective from Koha item type
          Koleksioni i përgjithshem UBT - Lipjan UBT - Lipjan Koleksioni i përgjithshem 11/27/2017   004 CIS 002-2938059 11/27/2017 11/27/2017 Books
UBT Library © 2015-2024. All rights reserved University Education for Business and Technology